000 00815nam a22002897a 4500
001 BR8006269
003 BR-BrBNA
005 20230928090802.0
007 ta
008 230509b bl.||||| |||| 00| 0 por d
040 _aBR-BrBNA
_bpor
_cBiblioteca Nacional de Agricultura
041 _a(Por)
072 _aL73; L30; L00
_b5212
090 _ 5212 BR8006269
100 1 _aSerra, A.O.
110 1 _aEmpresa de Assistencia Tecnica e Extensao Rural do Estado do Maranhao, Sao Luis (Brasil)
_94038
245 1 _aO Bezerro [doenca animal, nutricao animal]
260 3 _aSao Luis, MA (Brasil):
_c1980.
300 _a26 p.
650 _aDOENCA ANIMAL
650 _aNUTRICAO ANIMAL
650 _aBEZERRO
650 _aVETERINARIA
650 _aMANEJO
909 _a202309
_bLucia
_c55
_dLucia Elande
942 _cBK
999 _c30523
_d30523